000 00539nam a2200193Ia 4500
003 GCL
008 140319s9999 xx 000 0 ara d
040 _aGCL /
_cGCL
082 0 4 _a811.1
_bط د
100 1 _aطرفة بن العبد
245 1 0 _aديوان طرفة بن العبد /
_cطرفة بن العبد
260 _a[S.N] :
_bدار صعب ،
_c1980
300 _a126 ص
490 _a
650 0 4 _aالشعر العربى
650 0 4 _aالادب العربى
650 0 4 _aدواوين وقصائد
942 _2ddc
_cBK
999 _c55943
_d55943